| 000 | 00476cam a2200193ua 4500 | ||
|---|---|---|---|
| 001 | 10039 | ||
| 008 | 170322n ii |||gr||||Z||||||asm | ||
| 040 | _cMAIN | ||
| 041 | _aasm | ||
| 082 | _a530.12 | ||
| 100 |
_aDeka, Basanta, _eAuthor. |
||
| 245 |
_aQuantum dharonar utpati aru bikash _cBy Basanta Deka |
||
| 250 | _a2nd ed. | ||
| 260 |
_aHandique girls college: _bBasanta Deka, _c1988. |
||
| 300 | _a75p. | ||
| 653 | _aPhysics | ||
| 653 | _aPopular science | ||
| 942 | _cBK | ||
| 999 |
_c9038 _d9038 |
||